STN EN 933-5: 2002 (72 1186) [neplatná], Skúšky na stanovenie geometrických charakteristík kameniva Časť 5 Stanovenie podielu drvených zŕn v hrubom kamenive

Bibliographic Details
Format: Book
Language:Undetermined
PhysicalDescription:12 strán
Published: Bratislava Slovenský ústav technickej normalizácie 2002
Subjects:

MARC

LEADER 00000nam a2200000 a 4500
001 vtls001482318
003 SK-MaSNL
005 20260301163844.0
008 130607s2004 xo f u 00 00 und
035 |a SNK000437615 
040 |a SNK  |b slo  |c SNK  |e AACR2 
044 |a xo  |c SK 
046 |a m  |m 20020401 (účin.)  |n 20230201 (zruš.) 
072 7 |a 691  |x Stavebné hmoty  |2 konspekt 
080 |a 691.322  |2 2001 
080 |a 006.7/.8  |2 2011 
080 |a (437.6)  |2 2011 
080 |a (4)  |2 2011 
084 |a 91.100.15  |2 ICS 
130 0 |a STN 72 1186 (STN EN 933-5) [neplatná]  |9 530440 
245 1 0 |a STN EN 933-5: 2002 (72 1186) [neplatná], Skúšky na stanovenie geometrických charakteristík kameniva  |n Časť 5  |p Stanovenie podielu drvených zŕn v hrubom kamenive 
246 1 0 |a kúšky na stanovenie geometrických charakteristík kameniva 
246 1 0 |a Stanovenie podielu drvených zŕn v hrubom kamenive 
246 3 0 |a EN 933-5: 1998 
260 |a Bratislava  |b Slovenský ústav technickej normalizácie  |c 2002 
300 |a 12 strán 
500 |a Po nadobudnutí platnosti tejto normy od 1.12.2003 sa v STN 72 1172 zo 6.12.1967 rušia články 82 a 83 
500 |a Norma je nahradená anglickou verziou normy STN EN 933-5 z februára 2023, ktorú nahradila slovenská verzia normy STN EN 933-5 zo septembra 2023 v celom rozsahu 
540 |a STN vydané na akomkoľvek nosiči sa môžu rozmnožovať a rozširovať iba so súhlasom určenej právnickej osoby  |b SÚTN Bratislava  |c zákon 264/1999 Z. z. 
650 0 7 |a kamenivo  |2 SNKPH  |9 74285 
650 0 7 |a betónové zmesi  |2 SNKPH  |9 84460 
650 0 7 |a aggregates (building materials)  |2 SNKPHeng  |9 319732 
650 0 7 |a technické normy a štandardy  |z Slovensko  |2 SNKPH  |9 79594 
650 0 7 |a technické normy a štandardy  |z krajiny Európskej únie  |2 SNKPH  |9 289341 
655 7 |a normy  |2 SNK  |9 70643 
774 1 8 |t STN EN 933-5/A1: 2005  |d Bratislava : Slovenský ústav technickej normalizácie, 2005  |w vtls009876044 
958 |a OP 
999 |c 818539  |d 820469 
952 |t P60, <03>, [BOOK], {603}  |a SNK  |b SNK  |y PREZ  |7 0  |p 17A0443869  |o snkSTN EN 933-5  |i snkN 4302/2004  |0 0  |1 0  |4 0  |d 2004-09-23  |l 0  |r 2005-01-02 00:00:00  |w 2026-02-24 
952 |t P66, <07>, [BOOK], {667}  |a SNK  |b SNK  |y PREZ  |7 0  |p 17A0443870  |o snkSTN EN 933-5 D1  |i snkN 4303/2004  |0 0  |1 0  |4 0  |d 2004-09-23  |l 0  |r 2005-01-02 00:00:00  |w 2026-02-24